[Event "TUR-chT Clubs"]
[Site "Konya"]
[Date "2019.07.20"]
[Round "7.10"]
[White "Saglam, Baver"]
[Black "Malgac, Omer Beyazit"]
[Result "1/2-1/2"]
[WhiteElo "1334"]
[BlackElo "1477"]
[PlyCount "101"]
[EventDate "2019.07.16"]
[EventType "team-swiss"]
[EventRounds "9"]
[EventCountry "TUR"]
[SourceTitle "CBM 191 Extra"]
[Source "ChessBase"]
[SourceDate "2019.09.30"]
[SourceVersion "1"]
[SourceVersionDate "2019.09.30"]
[SourceQuality "1"]
[WhiteTeam "Cendosk Cendere Doga"]
[BlackTeam "Selcuklu Belediyesi"]
[WhiteTeamCountry "TUR"]
[BlackTeamCountry "TUR"]

1. d4 Nf6 2. c4 e5 3. dxe5 Ng4 4. Qd4 d6 5. exd6 Nc6 6. Qe4+ Be6 7. dxc7 Qd1+ 8. Kxd1 Nxf2+ 9. Ke1 Nxe4 10. e3 Nb4 11. Na3 Bd6 12. Nf3 0-0 13. Bd2 a6 14. Nd4 Rac8 15. Nac2 Nxc2+ 16. Nxc2 Rxc7 17. Ba5 Rd7 18. Nd4 b6 19. Bd2 Be5 20. Bc3 Rc8 21. Bd3 Nxc3 22. bxc3 g6 23. Rb1 Rd6 24. Rb4 a5 25. Rb5 Bg7 26. Kd2 Bxc4 27. Bxc4 Rxc4 28. Rhb1 Bxd4 29. exd4 Rf6 30. Kd3 Rcc6 31. c4 Rf2 32. R1b2 Rxb2 33. Rxb2 Kf8 34. d5 Rd6 35. Kd4 Ke7 36. c5 bxc5+ 37. Kxc5 Rd7 38. Re2+ Kd8 39. d6 Rb7 40. Kc6 Rb1 41. Re5 a4 42. Ra5 Rc1+ 43. Rc5 Rg1 44. Ra5 Rc1+ 45. Rc5 Rb1 46. Ra5 Rc1+ 47. Rc5 Re1 48. Ra5 Rc1+ 49. Rc5 Rg1 50. Ra5 Rc1+ 51. Rc5 1/2-1/2

[Event "TUR-chT Clubs"]
[Site "Konya"]
[Date "2019.07.18"]
[Round "5.10"]
[White "Malgac, Omer Beyazit"]
[Black "Durak, Ahmet"]
[Result "1/2-1/2"]
[WhiteElo "1477"]
[BlackElo "1786"]
[PlyCount "82"]
[EventDate "2019.07.16"]
[EventType "team-swiss"]
[EventRounds "9"]
[EventCountry "TUR"]
[SourceTitle "CBM 191 Extra"]
[Source "ChessBase"]
[SourceDate "2019.09.30"]
[SourceVersion "1"]
[SourceVersionDate "2019.09.30"]
[SourceQuality "1"]
[WhiteTeam "Selcuklu Belediyesi"]
[BlackTeam "Bitlis Ihtisas Egitim"]
[WhiteTeamCountry "TUR"]
[BlackTeamCountry "TUR"]

1. e4 c5 2. Nf3 e6 3. Qe2 Nc6 4. g3 Be7 5. Bg2 d5 6. d3 Nf6 7. 0-0 0-0 8. e5 Nd7 9. Re1 b6 10. c4 dxc4 11. dxc4 Qc7 12. Nc3 a6 13. Bf4 Bb7 14. Nd5 exd5 15. e6 Bd6 16. Bxd6 Qxd6 17. exd7 Qxd7 18. cxd5 Qxd5 19. Nh4 Qd7 20. Rad1 Nd4 21. Qe7 Qxe7 22. Rxe7 Bxg2 23. Kxg2 Rfe8 24. Rb7 Rab8 25. Ra7 a5 26. Nf3 Nb5 27. Rad7 a4 28. a3 h6 29. Kf1 g5 30. R1d5 Re4 31. Rf5 Rf8 32. h4 f6 33. Rfd5 Rfe8 34. Rb7 R4e6 35. Rdd7 Kf8 36. Rf7+ Kg8 37. Rg7+ Kh8 38. Rh7+ Kg8 39. Rhg7+ Kh8 40. Rh7+ Kg8 41. Rhg7+ Kh8 1/2-1/2